College Quizbowl Stats
College Quizbowl Stats
Circuits
Seasons
Sets
Records
Detailed Stats
About
Loading...
2023 ARCADIA at Carleton University
Tossups
Bonuses
Players
Teams
Categories (Tossup)
Categories (Bonus)
Stefan Vald
Ottawa B
Categories
Category
Powers
Gets
Negs
BBs
Points
Earliest Buzz
Avg. Buzz
First Buzzes
Top 3 Buzzes
BPA
PVF
Fine Arts - Visual
0
1
0
0
10
130
130.00
0
1
0.00
0.00
Philosophy
0
1
0
0
10
152
152.00
0
1
0.00
0.00
Social Science
0
1
0
0
10
114
114.00
0
1
0.00
0.00
Fine Arts - Auditory
0
0
0
0
0
0.00
0
0
0.00
0.00
Buzzes
Category
Answer
Value
Buzz Position
Social Science
lies
10
114
Fine Arts - Auditory
Louis
0
116
Fine Arts - Visual
reclining
10
130
Philosophy
The Zhuāngzǐ
10
152
Previous
1
Next